The Gujarat carnage / (Record no. 124033)
[ view plain ]
| 000 -LEADER | |
|---|---|
| fixed length control field | 00740nam a22002417a 4500 |
| 003 - CONTROL NUMBER IDENTIFIER | |
| control field | 0 |
| 005 - DATE AND TIME OF LATEST TRANSACTION | |
| control field | 20181129172121.0 |
| 008 - FIXED-LENGTH DATA ELEMENTS--GENERAL INFORMATION | |
| fixed length control field | 0 |
| 010 ## - LIBRARY OF CONGRESS CONTROL NUMBER | |
| LC control number | B-110423 |
| 020 ## - INTERNATIONAL STANDARD BOOK NUMBER | |
| Terms of availability | 425.00 |
| International Standard Book Number | 9788125024965 |
| 035 ## - SYSTEM CONTROL NUMBER | |
| System control number | B-110423, B-110425, B-110445, B-110447 |
| 037 ## - SOURCE OF ACQUISITION | |
| Source of stock number/acquisition | Cen Lib/Ret |
| 040 ## - CATALOGING SOURCE | |
| Original cataloging agency | DPL |
| Language of cataloging | EN |
| Transcribing agency | 0 |
| 082 ## - DEWEY DECIMAL CLASSIFICATION NUMBER | |
| Classification number | 303.6230 |
| Item number | GUJ |
| 245 ## - TITLE STATEMENT | |
| Title | The Gujarat carnage / |
| Statement of responsibility, etc | edited by Asghar Ali Engineer |
| 260 ## - PUBLICATION, DISTRIBUTION, ETC. (IMPRINT) | |
| Place of publication, distribution, etc | New Delhi |
| Name of publisher, distributor, etc | Orient Longman |
| Date of publication, distribution, etc | 2003 |
| 270 ## - ADDRESS | |
| Address | 1/24 Asaf Ali Road |
| City | New Delhi |
| Postal code | 110002 |
| 300 ## - PHYSICAL DESCRIPTION | |
| Extent | viii,467p. |
| Dimensions | 22cm(pbk) |
| 650 ## - SUBJECT ADDED ENTRY--TOPICAL TERM | |
| Topical term or geographic name as entry element | Genocide -- India -- Gujarat |
| 9 (RLIN) | 8971 |
| 650 ## - SUBJECT ADDED ENTRY--TOPICAL TERM | |
| Topical term or geographic name as entry element | Gujarat (India) -- Ethnic relations |
| 9 (RLIN) | 8972 |
| 700 ## - ADDED ENTRY--PERSONAL NAME | |
| Personal name | Engineer, Asghar Ali |
| 9 (RLIN) | 7250 |
| 942 ## - ADDED ENTRY ELEMENTS (KOHA) | |
| Source of classification or shelving scheme | Dewey Decimal Classification |
| Koha item type | English Books |
| Classification part | 303.6230 |
| Call number suffix | GUJ |
| Withdrawn status | Lost status | Damaged status | Not for loan | Home library | Current library | Date acquired | Source of acquisition | Cost, normal purchase price | Total Checkouts | Full call number | Barcode | Date last seen | Date checked out | Copy number | Cost, replacement price | Price effective from | Koha item type | Source of classification or shelving scheme | Collection code |
|---|---|---|---|---|---|---|---|---|---|---|---|---|---|---|---|---|---|---|---|
| Central Library | Central Library | 13/06/2015 | Cen Lib/Ret | 425.00 | 1 | 303.6230 GUJ | B-110423 | 02/04/2018 | 20/03/2018 | 1 | 425.00 | 15/09/2016 | English Books | ||||||
| Patel Nagar | Patel Nagar | 26/07/2018 | BPPD/PUB | 425.00 | 303.6230 GUJ | B-110425 | 26/07/2018 | 425.00 | 26/07/2018 | English Books | Dewey Decimal Classification | Non-fiction | |||||||
| Shahdara Branch | Shahdara Branch | 09/08/2018 | BPPD/PUB | 425.00 | 303.6230 GUJ | B-110445 | 09/08/2018 | 425.00 | 09/08/2018 | English Books | Dewey Decimal Classification | Non-fiction | |||||||
| Vigyan Vihar | Vigyan Vihar | 29/11/2018 | BPPD/PUB | 425.00 | 303.6230 GUJ | B-110447 | 29/11/2018 | 425.00 | 29/11/2018 | English Books | Dewey Decimal Classification | Non-fiction |
